000 03040cam a2201201 4500
003 PE-LiUPU
005 20250813185605.0
020 _a8471337053
035 _a(Sirsi) i9788471337054
035 _a(Sirsi) 45551
035 _a(Sirsi) 45551
041 _aes
044 _aes
082 0 4 _a375.006
_bH43
100 1 _aHernández Pina, Fuensanta
245 _aEvaluación del proyecto curricular de educación secundaria obligatoria /
_cFuensanta Hernández Pina y Mari Paz García Sanz.
264 1 _aMadrid :
_bLa Muralla,
_c2001
300 _a179 páginas :
_bilustraciones ;
_c22 cm.
504 _aIncluye bibliografía
505 0 _aEl proyecto curricular de etapa -- Definición del PCE -- Características del PCE -- Decisiones del proyecto curricular -- Contenido del proyecto curricular -- Objetios generales de etapa -- Secuencia de objetivos y contenidos de área por cicl
526 _aP202
526 _aP201
526 _aP163
526 _aP162
526 _aP161
526 _aP160
526 _aP148
526 _aP147
526 _aP146
526 _aP145
526 _aP144
526 _aP143
526 _aP142
526 _aP141
526 _aP140
526 _aP139
526 _aP138
526 _aP137
526 _aP136
526 _aP135
526 _aP134
526 _aP133
526 _aP129
526 _aP128
526 _aP127
526 _aP120
526 _aP119
526 _aP118
526 _aP116
526 _aP115
526 _aP114
526 _aP110
526 _aP109
526 _aP108
526 _aP104
526 _aP103
526 _aP102
526 _aP99
526 _aP98
526 _aP97
526 _aP96
526 _aP95
526 _aP93
526 _aP90
526 _aP89
526 _aP88
526 _aP83
526 _aP82
526 _aP62
526 _aP59
526 _aP58
526 _aP57
526 _aP51
526 _aP49
526 _aP48
526 _aP47
526 _aP29
526 _aP24
526 _aP20
526 _aP19
526 _aP17
526 _aP15
526 _aP14
526 _aP12
526 _aP10
526 _aP09
526 _aP08
526 _aP07
526 _aP06
526 _aP05
526 _aP04
526 _aP01
650 1 4 _aCurrículos
_xEvaluación
700 1 _aGarcía Sanz, Mari Paz
_ecoaut.
942 _2ddc
_cBOOK
949 _a375.006 H43
_i63106
_lCCODEBUL1
_mBUL
_tLIBRO
_o.STAFF. Colección General
859 _q63106
_h375.006
_iH43
910 _agl
_bjck
_c
_d20110616
596 _a1
999 _aPGE 375.006 H43
_wDEWEY
_c52122
_i63106
_f2021-11-8
_g5
_lCCODEBUL1
_mBUL
_p20.00
_r0
_sN
_tBOOK
_u2015-7-6
_xEDUCACION
_PP57
_0COMPRA
_o.CIRCNOTE. No olvidar cambiar la fecha de devolución!!!!!!!
_o.STAFF. Colección General
_d52122
980 _81
_gALBERTO SANCHEZ Responsable de Automatización